Urderstanding NAFTA : Mexico, Free Trade, and the New North America /

Revisión del impacto económico que ha tenido el Tratado de Libre Comercio de Norteamérica, tanto en los tres países involucrados directamente, como en las naciones con las que éstos mantienen relaciones. El estudio revisa la situación económica de México, Canadá y Estados Unidos antes y después de l...

Descripción completa

Guardado en:
Detalles Bibliográficos
Autor principal: Orme, William A. (autor)
Formato: Libro
Idioma:Inglés
Publicado: Austin, EUA : Universidad de Texas, 1998, c1996
Temas:
Etiquetas: Agrega una etiqueta
Sin etiquetas, Sé el primero en etiquetar este registro!

MARC

LEADER 00000nam^a2200000^a^4500
001 000104731
005 20250521000000.0
009 20260526122216.896
020 |a 0-292-76046-9 
037 |a Acervo ITESO - Biblioteca 
041 |a ING 
082 |a 382. 972073  |b ORM 
100 |a Orme, William A.  |e (autor) 
245 1 0 |a Urderstanding NAFTA :  |b Mexico, Free Trade, and the New North America /  |c W.A. Orme. 
264 4 |a Austin, EUA :  |b Universidad de Texas,  |c 1998, c1996 
300 |a 335 p. 
336 |a texto  |b txt  |2 rdacontenido 
337 |a sin mediación  |b n  |2 rdamedio 
338 |a volumen  |b nc  |2 rdasoporte 
520 |a Revisión del impacto económico que ha tenido el Tratado de Libre Comercio de Norteamérica, tanto en los tres países involucrados directamente, como en las naciones con las que éstos mantienen relaciones. El estudio revisa la situación económica de México, Canadá y Estados Unidos antes y después de la puesta en marcha del TLC. 
649 |a XX 
650 |a Tratado de Libre Comercio -  |z México-EUA-Canadá -  |x Tema Principal 
650 |a Tratados Comerciales Internacionales 
650 |a Apertura Comercial e Integración Económica -  |z México -  |x Historia 
650 |a Apertura Comercial e Integración Económica -  |z EUA -  |x Historia 
650 |a Apertura Comercial e Integración Económica -  |z Canadá -  |x Historia 
650 |a Cooperación Internacional 
650 |a Política Económica -  |z México -  |x Historia 
650 |a Política Económica -  |z EUA -  |x Historia 
650 |a Política Económica -  |z Canadá -  |x Historia 
650 |a Economía -  |z México -  |x Historia -  |y 1994-2000 
650 |a Economía -  |z EUA -  |x Historia -  |y 1993-2001 
650 |a Economía -  |z Canadá -  |x Historia -  |y 1993-2006 
650 |a Economía -  |x Historia 
650 |a Economía Internacional 
910 |a Fondo General 
920 |a Impresos - Libros 
930 |a Colección General 
905 |a 101 
901 |a 0500040474  |b IT1  |c ACC  |u 20250521 
902 |a https://opac.biblio.iteso.mx/vufind/Record/000104731